00298nam a2200109Ia 4500008004100000041000800041082001000049100001700059245002100076260006900097650002200166240830s1953 xx 000 0 und d aeng a0 KHE aKHEMRAJ S.D. aSHALIGRAMNIGHNTU bKHEMRAJ SHRI KRISHNNA SHRI VENKATESHWAR STIM PRESS, MUMBAIc1953 aDRAVYAGUNA-VIGYAN